01216nam a2200277 a 450000100060000000300080000600500170001400800410003102000150007203500190008704000320010604100080013808200270014610000260017324502530019926000380045230000250049035000100051550000180052550400310054365000270057494200120060199900170061395201540063095201540078446701BD-RjUL20211209054207.0160803s1968 ii b 001 0 eng  c: Rs.14.00 a(BD-RjUL)46820 aDLCcDLCdDLCdBD-RjULbeng aeng00a343.0954223bCOC 19681 aConsul, S. C.914236410aCommentary on the police acts :bcontaining a detailed commentary on the Police act, 1861, the Police act, 1888, the Police (incitement to disaflection) act, 1922, the Police act, 1949, the latest case-law and useful appendices, /cby S. C. Consul. aCalcutta :bS. C. Sarkar, cc1968 axv, 253 p. ;c23 cm. a14.00 aInclude index aBibliographical footnotes. 0aPolicezIndia.9142209 2ddccBK c46701d46701 00102ddc40708NFICaRUCLbRUCLcStackd1974-01-11eWarshi book corporation,g20.25l0o343.0954 COC 1968r2016-08-03 00:00:00tC-2w2016-08-03yBK 00102ddc40708NFICaRUCLbRUCLcStackd1974-01-11eWarshi book corporation,g20.25l0o343.0954 COC 1968r2016-08-03 00:00:00tC-3w2016-08-03yBK